000 00497nam a22001931a 4500
001 5568
003 OSt
005 20260204212020.0
008 060127s2003||||mx ||||||b||||||||||spa||
020 _a9702604427
050 _a460 P134l
100 _aPadilla Velásquez, Elisabeth
245 _aLengua española / Elisabeth Padilla Velásquez
264 _aMéxico : Pearson Educación
300 _a456 p
500 _aIncluye bibliografía
650 _a1.Lengua EspañolaÌ
942 _2ddc
_cBK
999 _c5568
_d5568